00255nas a2200097Ia 4500008004100000245006100041260000900102310001300111500001300124650002000137150201s2010 xx 000 0 und d aIndian Journal of Otolaryngology and Head & Neck Surgery c2010 aQuaterly aNATIONAL aGeneral Surgery